000 00275nam a2200133Ia 4500
100 _aBinder/Alspach
942 _cBK
654 _acomputer
245 _aPhotoshop 4 Complete
260 _bTechmedia
_aNew Delhi
_c1997
300 _a1054
546 _aENGLISH
999 _c23396
_d23396